[Event "Junior Online 4NCL Division 2"]
[Site "online"]
[Date "2020.05.07"]
[Round "4.42"]
[White "Horton, Jake H"]
[Black "Hamilton, Melissa"]
[Result "0-1"]
[WhiteElo "1435"]
[BlackElo "1667"]
[PlyCount "122"]
[EventDate "2020.05.07"]
[WhiteTeam "Brentwood 1"]
[BlackTeam "Marshall Artists"]

1. e4 e5 2. Nf3 d6 3. Bc4 h6 4. d3 Nf6 5. Be3 Be7 6. Nbd2 Nc6 7. c3 O-O 8. d4
exd4 9. cxd4 Bg4 10. d5 Ne5 11. Bb3 Nd3+ 12. Ke2 Ne5 13. Ke1 Qd7 14. h3 Nxf3+
15. Nxf3 Bxf3 16. Qxf3 Qb5 17. Qg3 Qb4+ 18. Kf1 Nxe4 19. Qf4 Bg5 20. Qg4 Nd2+
21. Ke2 Qxg4+ 22. hxg4 Nxb3 23. axb3 Rfe8 24. Rh3 Re5 25. Kd3 Rxd5+ 26. Kc4 Re5
27. Bd4 Re4 28. f3 Re2 29. Rh2 a6 30. Rf1 Bf4 31. Kd3 Rd2+ 32. Kc3 Rxd4 33.
Rxh6 Bxh6 34. Kxd4 Bf4 35. Ke4 Be5 36. Rf2 Re8 37. Kd3 Bf4 38. Rc2 c6 39. Rc4
g5 40. Rb4 b5 41. Re4 Rxe4 42. Kxe4 f6 43. Kf5 Kf7 44. b4 c5 45. b3 cxb4 46. g3
Bxg3 47. f4 Bxf4 48. Ke4 a5 49. Kd5 a4 50. Kd4 a3 51. Kd3 a2 52. Kc2 a1=Q 53.
Kd3 Qc3+ 54. Ke4 Qxb3 55. Kd4 Be5+ 56. Ke4 Qc4+ 57. Ke3 b3 58. Kd2 Qc3+ 59. Ke2
b2 60. Kf2 b1=Q 61. Kg2 Qbb2+ 0-1

[Event "Junior Online 4NCL Division 2"]
[Site "online"]
[Date "2020.05.07"]
[Round "4.43"]
[White "Blin, Henri"]
[Black "Gohil, Shayan"]
[Result "0-1"]
[WhiteElo "1232"]
[BlackElo "1390"]
[PlyCount "70"]
[EventDate "2020.05.07"]
[WhiteTeam "Marshall Artists"]
[BlackTeam "Brentwood 1"]

1. e4 e5 2. Nf3 Nc6 3. Bc4 Bc5 4. Nc3 Nf6 5. d3 h6 6. Be3 Bb6 7. O-O d6 8. h3
Bd7 9. Bxb6 axb6 10. Nd5 O-O 11. Nxf6+ Qxf6 12. Bd5 Rfe8 13. Re1 Ra5 14. c3 Be6
15. b4 Raa8 16. b5 Bxd5 17. exd5 Ne7 18. c4 c6 19. dxc6 bxc6 20. bxc6 Nxc6 21.
Qb3 Rab8 22. Qa4 Rec8 23. Rab1 Ne7 24. d4 exd4 25. Nxd4 Ng6 26. Nf3 Nf4 27. Qc2
b5 28. Qd2 Rxc4 29. a4 Rxa4 30. Rec1 b4 31. Qc2 Raa8 32. Ra1 Rxa1 33. Rxa1
Qxa1+ 34. Kh2 Qf6 35. Qc7 Re8 0-1

[Event "Junior Online 4NCL Division 2"]
[Site "online"]
[Date "2020.05.07"]
[Round "4.44"]
[White "Cheema, Jaideep C"]
[Black "Blin, Sophia"]
[Result "1-0"]
[WhiteElo "1337"]
[BlackElo "1292"]
[PlyCount "61"]
[EventDate "2020.05.07"]
[WhiteTeam "Brentwood 1"]
[BlackTeam "Marshall Artists"]

1. e4 e5 2. Nf3 Nc6 3. Nc3 Nf6 4. Bc4 Bc5 5. d3 h6 6. Be3 Bb6 7. O-O d6 8. Bxb6
axb6 9. h3 Be6 10. Bb3 Bxb3 11. axb3 Rxa1 12. Qxa1 O-O 13. Qd1 d5 14. exd5 Nxd5
15. Qe1 Re8 16. Qe2 Nd4 17. Qd1 Nxf3+ 18. Qxf3 Nxc3 19. bxc3 c6 20. Re1 f6 21.
Qe3 Kf8 22. f3 Qd5 23. Qxb6 Qd7 24. Qb4+ Qe7 25. Qxe7+ Rxe7 26. Kf2 Rd7 27. Re4
Rd5 28. Rb4 b5 29. c4 c5 30. Rxb5 Ke7 31. cxd5 1-0

[Event "Junior Online 4NCL Division 2"]
[Site "online"]
[Date "2020.05.07"]
[Round "4.45"]
[White "Molostvov, Dmitry M"]
[Black "Shek, Daniel"]
[Result "0-1"]
[WhiteElo "1592"]
[BlackElo "1727"]
[PlyCount "108"]
[EventDate "2020.05.07"]
[WhiteTeam "Brentwood 1"]
[BlackTeam "Marshall Artists"]

1. d4 Nf6 2. c4 c5 3. d5 e6 4. Nc3 exd5 5. cxd5 d6 6. e4 g6 7. f4 Bg4 8. Be2
Bxe2 9. Ngxe2 Nbd7 10. O-O Bg7 11. Ng3 a6 12. Qe2 O-O 13. a4 Re8 14. Bd2 Re7
15. a5 Qc7 16. Nd1 Rae8 17. Nf2 h6 18. Bc3 Nh7 19. Bxg7 Kxg7 20. Ng4 f5 21. Nf2
Nhf6 22. Qd3 fxe4 23. Qc3 e3 24. Ng4 h5 25. Nxf6 Nxf6 26. Rae1 c4 27. Rf3 Qc5
28. Re2 Qxd5 29. Rfxe3 Rxe3 30. Rxe3 Qd1+ 31. Nf1 Rxe3 32. Qxe3 Kf7 33. Qb6 Qd5
34. Ne3 Qc6 35. Qxc6 bxc6 36. Nxc4 Ke7 37. Kf2 Nd5 38. g3 Nb4 39. Ke3 c5 40.
Ke4 d5+ 41. Ke5 dxc4 42. f5 Nd3+ 43. Kd5 Nxb2 44. fxg6 c3 45. g7 Kf7 46. Kxc5
c2 47. Kb6 c1=Q 48. Kxa6 Qc6+ 49. Ka7 Nc4 50. g8=Q+ Kxg8 51. g4 Nd6 52. a6 Nb5+
53. Kb8 Qc7+ 54. Ka8 Qa7# 0-1

[Event "Junior Online 4NCL Division 2"]
[Site "online"]
[Date "2020.05.07"]
[Round "4.46"]
[White "Hamilton, Melissa"]
[Black "Horton, Jake H"]
[Result "1-0"]
[WhiteElo "1667"]
[BlackElo "1435"]
[PlyCount "59"]
[EventDate "2020.05.07"]
[WhiteTeam "Marshall Artists"]
[BlackTeam "Brentwood 1"]

1. d4 d5 2. c4 e6 3. e3 dxc4 4. Bxc4 Qd6 5. Nc3 Nc6 6. Nf3 Nge7 7. Bd2 b6 8.
Qa4 a6 9. Ne4 Qd7 10. Qc2 b5 11. Bd3 Bb7 12. O-O Nd5 13. a3 Be7 14. Rac1 f5 15.
Nc5 Bxc5 16. dxc5 O-O 17. Bc3 Nxc3 18. Qxc3 e5 19. Rfd1 Qe6 20. Bc2 Qg6 21.
Bb3+ Kh8 22. Bd5 Rad8 23. Rd2 e4 24. Nh4 Qg4 25. g3 Ba8 26. Rcd1 b4 27. axb4 a5
28. Bxc6 Bxc6 29. Rxd8 Be8 30. Qe5 1-0

[Event "Junior Online 4NCL Division 2"]
[Site "online"]
[Date "2020.05.07"]
[Round "4.47"]
[White "Gohil, Shayan"]
[Black "Blin, Henri"]
[Result "1-0"]
[WhiteElo "1390"]
[BlackElo "1232"]
[PlyCount "27"]
[EventDate "2020.05.07"]
[WhiteTeam "Brentwood 1"]
[BlackTeam "Marshall Artists"]

1. e4 e5 2. Nf3 Nc6 3. Bb5 Nf6 4. Nc3 Bc5 5. O-O O-O 6. d3 d6 7. Bg5 h6 8. Bh4
g5 9. Nxg5 hxg5 10. Bxg5 d5 11. Qf3 Be7 12. Qg3 d4 13. Bxf6+ Kh7 14. Qg7# 1-0

[Event "Junior Online 4NCL Division 2"]
[Site "online"]
[Date "2020.05.07"]
[Round "4.48"]
[White "Blin, Sophia"]
[Black "Cheema, Jaideep C"]
[Result "0-1"]
[WhiteElo "1292"]
[BlackElo "1337"]
[PlyCount "43"]
[EventDate "2020.05.07"]
[WhiteTeam "Marshall Artists"]
[BlackTeam "Brentwood 1"]

1. e4 e5 2. Nf3 Nc6 3. d4 exd4 4. Nxd4 Nxd4 5. Qxd4 d6 6. Bc4 Nf6 7. e5 Qe7 8.
O-O Qxe5 9. Qxe5+ dxe5 10. Re1 Bd6 11. Nc3 O-O 12. Bg5 Bd7 13. Bxf6 gxf6 14.
Re3 Bc5 15. Rg3+ Kh8 16. Ne4 Be7 17. Rd1 Bf5 18. Bd3 Rad8 19. Re3 Be6 20. b3 f5
21. Nc3 e4 22. Bb5 0-1

[Event "Junior Online 4NCL Division 2"]
[Site "online"]
[Date "2020.05.07"]
[Round "4.51"]
[White "Murawski, Jan"]
[Black "Petkov, Anton"]
[Result "0-1"]
[WhiteElo "1630"]
[BlackElo "1793"]
[PlyCount "48"]
[EventDate "2020.05.07"]
[WhiteTeam "Ojays C"]
[BlackTeam "TSK Tigers A"]

1. d4 Nf6 2. c4 e5 3. d5 Bc5 4. Bg5 Bxf2+ 5. Kd2 Ne4+ 6. Kc2 Qxg5 7. Nf3 Qe7 8.
Qd3 Nc5 9. Qf5 Bh4 10. Nxe5 O-O 11. Qf4 Bf6 12. Nf3 Qe4+ 13. Qxe4 Nxe4 14. Na3
d6 15. Nb5 Na6 16. Nd2 Bf5 17. Nxe4 Bxe4+ 18. Kc1 Rfd8 19. h4 c6 20. dxc6 bxc6
21. Nc3 Bxc3 22. bxc3 d5 23. cxd5 cxd5 24. Rh3 Rac8 0-1

[Event "Junior Online 4NCL Division 2"]
[Site "online"]
[Date "2020.05.07"]
[Round "4.52"]
[White "Wu, Yuxuan"]
[Black "Beneat, Frederick"]
[Result "1/2-1/2"]
[WhiteElo "1523"]
[BlackElo "1592"]
[PlyCount "124"]
[EventDate "2020.05.07"]
[WhiteTeam "TSK Tigers A"]
[BlackTeam "Ojays C"]

1. c4 e6 2. g3 Nf6 3. Bg2 d5 4. Nf3 c5 5. O-O Be7 6. Nc3 O-O 7. cxd5 exd5 8. d4
cxd4 9. Nxd4 Nc6 10. Bg5 h6 11. Bxf6 Bxf6 12. Nxc6 bxc6 13. Qc2 Bxc3 14. Qxc3
Bb7 15. e4 dxe4 16. Bxe4 Qd7 17. Rfd1 Qe6 18. Re1 Qf6 19. Rac1 Qxc3 20. Rxc3
Rfe8 21. f3 f5 22. Kf2 fxe4 23. fxe4 Rf8+ 24. Ke3 Rae8 25. Kd4 Rd8+ 26. Kc5 Rf2
27. Rb3 Rd7 28. e5 Rfd2 29. e6 Re7 30. Rxb7 Rxb7 31. e7 Rxe7 32. Rxe7 Rxb2 33.
Rxa7 Rc2+ 34. Kd6 c5 35. a4 c4 36. Rc7 c3 37. a5 Ra2 38. Rxc3 Rxa5 39. Rc8+ Kh7
40. Rc2 Rh5 41. Ke6 Kg6 42. g4 Ra5 43. h3 Ra3 44. Rh2 Re3+ 45. Kd5 Kg5 46. Kd4
Ra3 47. Ke5 Kh4 48. Kf5 Rxh3 49. Rxh3+ Kxh3 50. g5 Kh4 51. gxh6 gxh6 52. Kf4
Kh5 53. Kg3 Kg5 54. Kh3 h5 55. Kg3 h4+ 56. Kh3 Kh5 57. Kh2 Kg4 58. Kg2 h3+ 59.
Kh2 Kh4 60. Kh1 Kg3 61. Kg1 h2+ 62. Kh1 Kh3 1/2-1/2

[Event "Junior Online 4NCL Division 2"]
[Site "online"]
[Date "2020.05.07"]
[Round "4.53"]
[White "Macabenta, Kei"]
[Black "Swamy, Anshul"]
[Result "1-0"]
[WhiteElo "1532"]
[BlackElo "1472"]
[PlyCount "155"]
[EventDate "2020.05.07"]
[WhiteTeam "Ojays C"]
[BlackTeam "TSK Tigers A"]

1. e4 d5 2. exd5 Nf6 3. Bc4 Nxd5 4. Nf3 Nc6 5. O-O Bg4 6. h3 Bh5 7. Be2 Bxf3 8.
Bxf3 e5 9. c4 Nf6 10. Re1 Bc5 11. Qa4 Qd6 12. Nc3 O-O 13. Nb5 Qd7 14. Bxc6 bxc6
15. Nc3 Rfe8 16. b3 Bd4 17. Bb2 Bxf2+ 18. Kxf2 Qxd2+ 19. Kg1 Qxb2 20. Ne2 c5
21. Qc6 e4 22. Qxc5 Qe5 23. Qd4 Qxd4+ 24. Nxd4 Rad8 25. Nc6 Ra8 26. Rad1 h6 27.
Rd2 e3 28. Rde2 Re6 29. Nd4 Re4 30. Nf3 Rae8 31. Nh2 Nd7 32. Nf1 f5 33. Rxe3
Rxe3 34. Rxe3 Rxe3 35. Nxe3 f4 36. Nd5 c6 37. Nxf4 Ne5 38. Kf2 g5 39. Ne6 Nd3+
40. Kf1 Nc1 41. a3 Nxb3 42. Nd8 c5 43. Nb7 Nd2+ 44. Ke1 Nxc4 45. Nxc5 Nxa3 46.
Kd2 Nc4+ 47. Kc3 Nb6 48. Kb4 a5+ 49. Kxa5 Nc4+ 50. Kb5 Ne3 51. g3 h5 52. Kb4 g4
53. hxg4 hxg4 54. Kc3 Nf1 55. Ne4 Kg7 56. Kd3 Kg6 57. Ke2 Kf5 58. Nd6+ Ke5 59.
Nc4+ Kd4 60. Kxf1 Kxc4 61. Ke2 Kd4 62. Kd2 Ke4 63. Ke2 Kf5 64. Ke3 Kg5 65. Ke4
Kh5 66. Kf4 Kg6 67. Kxg4 Kf6 68. Kh5 Kg7 69. g4 Kh7 70. Kg5 Kg7 71. Kf5 Kf7 72.
g5 Kf8 73. Kf6 Kg8 74. g6 Kf8 75. Kg5 Kg7 76. Kf5 Kf8 77. Kf6 Kg8 78. g7 1-0

[Event "Junior Online 4NCL Division 2"]
[Site "online"]
[Date "2020.05.07"]
[Round "4.54"]
[White "Bagga, Khushi"]
[Black "Zeng, Royce"]
[Result "1-0"]
[WhiteElo "1059"]
[BlackElo "1562"]
[PlyCount "53"]
[EventDate "2020.05.07"]
[WhiteTeam "TSK Tigers A"]
[BlackTeam "Ojays C"]

1. e4 e6 2. d4 d5 3. Nc3 c5 4. Nf3 dxe4 5. Nxe4 b6 6. Bd3 Be7 7. O-O Nf6 8.
Nxf6+ Bxf6 9. Be4 Nc6 10. Bxc6+ Bd7 11. Bxa8 Qxa8 12. c3 O-O 13. Bg5 Bxg5 14.
Nxg5 f6 15. Nf3 Rd8 16. h3 Be8 17. Qe2 Bd7 18. dxc5 bxc5 19. Rfd1 Qb7 20. b3
Re8 21. b4 Qc7 22. bxc5 Qxc5 23. Rxd7 Qxc3 24. Rad1 Qa5 25. Nd4 e5 26. Qc4+ Kf8
27. Qf7# 1-0

[Event "Junior Online 4NCL Division 2"]
[Site "online"]
[Date "2020.05.07"]
[Round "4.55"]
[White "Petkov, Anton"]
[Black "Murawski, Jan"]
[Result "1-0"]
[WhiteElo "1793"]
[BlackElo "1630"]
[PlyCount "62"]
[EventDate "2020.05.07"]
[WhiteTeam "TSK Tigers A"]
[BlackTeam "Ojays C"]

1. e4 c5 2. c3 Nf6 3. e5 Nd5 4. d4 Nc6 5. Nf3 e6 6. c4 Nc7 7. d5 exd5 8. cxd5
Nb4 9. Nc3 d6 10. a3 Nba6 11. Be2 dxe5 12. Nxe5 Be7 13. O-O O-O 14. Nc4 b5 15.
d6 bxc4 16. dxe7 Qxe7 17. Bxc4 Bb7 18. Qg4 Qf6 19. h4 Rad8 20. Bg5 Qg6 21. h5
Qc6 22. Bxd8 Rxd8 23. Rad1 Re8 24. Rfe1 Bc8 25. Rxe8+ Nxe8 26. Qf3 Qc7 27. Nd5
Bb7 28. Nxc7 Bxf3 29. Nxe8 Bxd1 30. Bxa6 Ba4 31. Nd6 Bd1 1-0

[Event "Junior Online 4NCL Division 2"]
[Site "online"]
[Date "2020.05.07"]
[Round "4.56"]
[White "Beneat, Frederick"]
[Black "Wu, Yuxuan"]
[Result "0-1"]
[WhiteElo "1592"]
[BlackElo "1523"]
[PlyCount "52"]
[EventDate "2020.05.07"]
[WhiteTeam "Ojays C"]
[BlackTeam "TSK Tigers A"]

1. c4 Nf6 2. e3 g6 3. d4 Bg7 4. Nc3 O-O 5. Nf3 d6 6. b3 Na6 7. Ba3 c5 8. dxc5
Nxc5 9. Bxc5 dxc5 10. Qxd8 Rxd8 11. Be2 Ne4 12. Nxe4 Bxa1 13. O-O Bg7 14. Nxc5
b6 15. Ne4 Bb7 16. Ng3 Rd7 17. h3 Rad8 18. Ne1 Rd2 19. a4 R2d7 20. Bf3 Bxf3 21.
Nxf3 Rd3 22. Rb1 Rd1+ 23. Rxd1 Rxd1+ 24. Kh2 Rb1 25. Nd2 Rb2 26. Nge4 f5 0-1

[Event "Junior Online 4NCL Division 2"]
[Site "online"]
[Date "2020.05.07"]
[Round "4.57"]
[White "Swamy, Anshul"]
[Black "Macabenta, Kei"]
[Result "1-0"]
[WhiteElo "1472"]
[BlackElo "1532"]
[PlyCount "113"]
[EventDate "2020.05.07"]
[WhiteTeam "TSK Tigers A"]
[BlackTeam "Ojays C"]

1. e4 e5 2. Nf3 d6 3. Nc3 Bg4 4. Bc4 Bxf3 5. Qxf3 Nf6 6. O-O Be7 7. d3 O-O 8.
Bg5 h6 9. Bh4 Nfd7 10. Bxe7 Qxe7 11. Bd5 c6 12. Bc4 Nf6 13. Rfe1 Rd8 14. Rad1
Qd7 15. d4 exd4 16. Rxd4 c5 17. Rd2 Nc6 18. Red1 Ne5 19. Qe2 Qe7 20. Nd5 Nxd5
21. Bxd5 Rab8 22. Qe1 Qc7 23. c4 Nc6 24. Bxc6 Qxc6 25. Qe3 b5 26. cxb5 Rxb5 27.
Qa3 Qxe4 28. Qxa7 Rb7 29. Qa3 Rbb8 30. Qe3 Qc6 31. Qf3 Qc7 32. Qd3 Rb7 33. b3
Ra7 34. a4 Rb7 35. Rc2 Qb8 36. Rb1 Qa8 37. h3 Qb8 38. Qc3 Ra7 39. Qa1 Qb7 40.
Rc3 Qd5 41. Rg3 f6 42. Rd1 Qxb3 43. Rxb3 c4 44. Rc3 d5 45. Qa3 Rc7 46. a5 d4
47. Rcc1 d3 48. a6 Ra8 49. Qa4 Rca7 50. Rxc4 Kh8 51. Rc6 Rxa6 52. Rxa6 Rxa6 53.
Qxa6 Kh7 54. Qxd3+ Kg8 55. Qg6 Kf8 56. Rd8+ Ke7 57. Qe8# 1-0

[Event "Junior Online 4NCL Division 2"]
[Site "online"]
[Date "2020.05.07"]
[Round "4.58"]
[White "Zeng, Royce"]
[Black "Bagga, Khushi"]
[Result "1-0"]
[WhiteElo "1562"]
[BlackElo "1059"]
[PlyCount "93"]
[EventDate "2020.05.07"]
[WhiteTeam "Ojays C"]
[BlackTeam "TSK Tigers A"]

1. e4 e5 2. Nf3 Nc6 3. Bc4 Bc5 4. c3 Nf6 5. d4 exd4 6. cxd4 Bb4+ 7. Bd2 Bxd2+
8. Nbxd2 O-O 9. O-O d5 10. exd5 Nxd5 11. Ne4 Bg4 12. Ng3 Nf4 13. h3 Bh5 14.
Nxh5 Nxh5 15. Re1 Qf6 16. Qd2 Rad8 17. d5 h6 18. Rad1 Nf4 19. Qc2 Nb4 20. Qc3
Qg6 21. Nh4 Qd6 22. Nf5 Qg6 23. Ne7+ Kh8 24. Nxg6+ Nxg6 25. Qxb4 b6 26. d6 cxd6
27. Rxd6 Rc8 28. Bxf7 Rxf7 29. Rxg6 Kh7 30. Qe4 Rff8 31. Rc6+ Kg8 32. Rxc8 Rxc8
33. Qe8+ Rxe8 34. Rxe8+ Kf7 35. Ra8 a5 36. Rb8 b5 37. Rxb5 a4 38. Ra5 a3 39.
Rxa3 g5 40. b4 Kg6 41. b5 h5 42. b6 h4 43. b7 Kf5 44. b8=Q Kf6 45. Ra6+ Kf5 46.
Qb5+ Kf4 47. Ra4# 1-0

[Event "Junior Online 4NCL Division 2"]
[Site "online"]
[Date "2020.05.07"]
[Round "4.61"]
[White "Maton, Emily"]
[Black "Auchi, Nadhmi"]
[Result "0-1"]
[WhiteElo "1675"]
[BlackElo "1922"]
[PlyCount "82"]
[EventDate "2020.05.07"]
[WhiteTeam "St Albans Early Knights 1"]
[BlackTeam "Hammersmith 1"]

1. g3 d5 2. Nf3 Nf6 3. Bg2 c6 4. d3 Bg4 5. O-O e6 6. c4 Nbd7 7. h3 Bh5 8. e3
Be7 9. Nc3 O-O 10. a3 a5 11. Rb1 Bg6 12. Nh4 Nb6 13. Nxg6 hxg6 14. cxd5 exd5
15. e4 d4 16. Ne2 c5 17. Bg5 a4 18. Nf4 Nbd7 19. Re1 Ne5 20. b3 axb3 21. Qxb3
Ra7 22. Bxf6 Bxf6 23. Nd5 Qa5 24. f4 Nc6 25. Nxf6+ gxf6 26. Rec1 Qxa3 27. Qxa3
Rxa3 28. Bf1 Nb4 29. Rxc5 Nxd3 30. Rd5 Rc8 31. Rxd4 Nc5 32. Rc4 Rxg3+ 33. Kh2
Rf3 34. Rxb7 Rxf1 35. Rb5 Rf2+ 36. Kg1 Rxf4 37. Rbxc5 Rxc5 38. Rxc5 Rxe4 39.
Rc8+ Kg7 40. Rc6 Re2 41. Rc3 g5 0-1

[Event "Junior Online 4NCL Division 2"]
[Site "online"]
[Date "2020.05.07"]
[Round "4.62"]
[White "Banerji, Kumar"]
[Black "Ball, Katie C"]
[Result "1-0"]
[WhiteElo "1705"]
[BlackElo "1525"]
[PlyCount "29"]
[EventDate "2020.05.07"]
[WhiteTeam "Hammersmith 1"]
[BlackTeam "St Albans Early Knights 1"]

1. e4 e6 2. d4 d5 3. Nc3 Nf6 4. e5 Nfd7 5. f4 Bb4 6. Nf3 O-O 7. Be2 f6 8. O-O
Nc6 9. Na4 Qe8 10. Be3 Qg6 11. a3 Be7 12. c4 Qe4 13. Qd2 Nb6 14. Nxb6 axb6 15.
Bd3 1-0

[Event "Junior Online 4NCL Division 2"]
[Site "online"]
[Date "2020.05.07"]
[Round "4.63"]
[White "Petcov, Andreas"]
[Black "McBrinn, Conall"]
[Result "0-1"]
[WhiteElo "1442"]
[BlackElo "1667"]
[PlyCount "84"]
[EventDate "2020.05.07"]
[WhiteTeam "St Albans Early Knights 1"]
[BlackTeam "Hammersmith 1"]

1. e4 e6 2. Nf3 d5 3. exd5 exd5 4. Qe2+ Be7 5. d4 Nc6 6. Nc3 Nf6 7. Bg5 Be6 8.
O-O-O Qd7 9. Qb5 O-O-O 10. Qa4 a6 11. Ne5 Nxe5 12. dxe5 Ng4 13. Bb5 Bxg5+ 14.
f4 Bxf4+ 15. Kb1 c6 16. Be2 Nf2 17. Rhf1 Nxd1 18. Nxd1 Bxe5 19. Nf2 Bc7 20. Nd3
Qd6 21. h4 Rhe8 22. Bg4 Kb8 23. Be2 f6 24. Nb4 c5 25. Nxa6+ bxa6 26. Qb3+ Qb6
27. Qa4 Bd7 28. Qa3 Rxe2 29. Qd3 Rde8 30. b3 Re1+ 31. Rxe1 Rxe1+ 32. Kb2 Be5+
33. c3 g6 34. Qxd5 Re2+ 35. Kc1 Bf4+ 36. Kd1 Rd2+ 37. Qxd2 Bxd2 38. Kxd2 Qd6+
39. Kc2 Bf5+ 40. Kb2 Qd2+ 41. Ka3 Qxc3 42. Ka4 Qb4# 0-1

[Event "Junior Online 4NCL Division 2"]
[Site "online"]
[Date "2020.05.07"]
[Round "4.64"]
[White "Aserkoff, Daniel"]
[Black "Petcov, Nichiforos"]
[Result "1-0"]
[WhiteElo "1562"]
[BlackElo "1427"]
[PlyCount "101"]
[EventDate "2020.05.07"]
[WhiteTeam "Hammersmith 1"]
[BlackTeam "St Albans Early Knights 1"]

1. e4 e5 2. Nf3 Nc6 3. d4 d6 4. dxe5 dxe5 5. Qxd8+ Nxd8 6. Nxe5 Bd6 7. Nf3 Nc6
8. Bb5 Bd7 9. Nc3 a6 10. Bxc6 Bxc6 11. Be3 Nf6 12. e5 Bxf3 13. exd6 Bc6 14.
dxc7 Rc8 15. Bb6 O-O 16. O-O Nd7 17. Ba5 b6 18. Bb4 Rfd8 19. cxd8=Q+ Rxd8 20.
Rad1 Re8 21. Rfe1 Ne5 22. Bd6 f6 23. Bxe5 fxe5 24. f4 e4 25. Rd4 e3 26. Rd3 e2
27. Rxe2 Rf8 28. Rde3 b5 29. Re6 b4 30. Rxc6 bxc3 31. Rxc3 Rxf4 32. Rf3 Rxf3
33. gxf3 h6 34. Re6 Kf7 35. Rxa6 g6 36. Rd6 Kg7 37. c4 h5 38. c5 Kh6 39. c6 Kg5
40. c7 Kh4 41. c8=Q g5 42. Rd4+ g4 43. Qd8+ Kh3 44. fxg4 h4 45. Rd3+ Kxg4 46.
Qg8+ Kf4 47. Qc4+ Ke5 48. Rd5+ Ke6 49. Qc6+ Ke7 50. Rd7+ Kf8 51. Qc8# 1-0

[Event "Junior Online 4NCL Division 2"]
[Site "online"]
[Date "2020.05.07"]
[Round "4.65"]
[White "Auchi, Nadhmi"]
[Black "Maton, Emily"]
[Result "1-0"]
[WhiteElo "1922"]
[BlackElo "1675"]
[PlyCount "77"]
[EventDate "2020.05.07"]
[WhiteTeam "Hammersmith 1"]
[BlackTeam "St Albans Early Knights 1"]

1. e4 c5 2. Nf3 g6 3. c3 Bg7 4. d4 cxd4 5. cxd4 d5 6. e5 Nc6 7. h3 f6 8. exf6
Nxf6 9. Nc3 a6 10. Bf4 O-O 11. Bh2 Bf5 12. Be2 Ne4 13. Rc1 Qe8 14. O-O Qf7 15.
Nxd5 b5 16. Nc7 Nb4 17. Nxa8 Nxa2 18. Nc7 Nxc1 19. Qxc1 Rc8 20. Qe3 Qf6 21. Nd5
Qf7 22. Nc3 Nxc3 23. bxc3 Qb3 24. Rc1 e6 25. Bd1 Qc4 26. Nd2 Qc6 27. Bf3 Qb6
28. Be5 Bxe5 29. Qxe5 a5 30. Qe3 b4 31. g4 b3 32. gxf5 b2 33. Rb1 a4 34. Qxe6+
Qxe6 35. fxe6 a3 36. Bd5 Kf8 37. Ne4 Rc7 38. Ba2 Rc6 39. d5 1-0

[Event "Junior Online 4NCL Division 2"]
[Site "online"]
[Date "2020.05.07"]
[Round "4.66"]
[White "Ball, Katie C"]
[Black "Banerji, Kumar"]
[Result "0-1"]
[WhiteElo "1525"]
[BlackElo "1705"]
[PlyCount "64"]
[EventDate "2020.05.07"]
[WhiteTeam "St Albans Early Knights 1"]
[BlackTeam "Hammersmith 1"]

1. d4 Nf6 2. Bf4 c5 3. d5 Qb6 4. b3 Qb4+ 5. Bd2 Qd4 6. Nc3 Nxd5 7. Nb5 Qe4 8.
c4 a6 9. Nc3 Nxc3 10. Bxc3 Nc6 11. Nf3 a5 12. g3 Nb4 13. Bxb4 axb4 14. Bg2 g6
15. O-O Bg7 16. Rc1 Rxa2 17. Ng5 Qd4 18. Qe1 Qe5 19. Nf3 Qxe2 20. Qxe2 Rxe2 21.
Rfe1 Rb2 22. Re3 Bh6 23. Rce1 Bxe3 24. Rxe3 d6 25. Ng5 Rb1+ 26. Bf1 h6 27. Ne4
Bh3 28. Nd2 Ra1 29. f4 Rd1 30. Re2 Kd7 31. Kf2 Bg4 32. Re3 Rxd2+ 0-1

[Event "Junior Online 4NCL Division 2"]
[Site "online"]
[Date "2020.05.07"]
[Round "4.67"]
[White "McBrinn, Conall"]
[Black "Petcov, Andreas"]
[Result "1-0"]
[WhiteElo "1667"]
[BlackElo "1442"]
[PlyCount "51"]
[EventDate "2020.05.07"]
[WhiteTeam "Hammersmith 1"]
[BlackTeam "St Albans Early Knights 1"]

1. d4 d6 2. c4 Nc6 3. Nf3 Nf6 4. Nc3 g6 5. Bg5 Bg7 6. e3 Bg4 7. Be2 O-O 8. h3
Bh5 9. g4 Nxg4 10. hxg4 Bxg4 11. Qd2 Qd7 12. O-O-O a5 13. Rh2 Nb4 14. Bh6 Bxh6
15. Rxh6 e5 16. Rdh1 Rfe8 17. Rxh7 Kf8 18. Ng5 Bxe2 19. Qxe2 Qf5 20. Rxf7+ Qxf7
21. Nxf7 Kxf7 22. Qf3+ Ke7 23. Rh7+ Kd8 24. Qf6+ Kc8 25. Qf7 Rd8 26. Qxc7# 1-0

[Event "Junior Online 4NCL Division 2"]
[Site "online"]
[Date "2020.05.07"]
[Round "4.68"]
[White "Petcov, Nichiforos"]
[Black "Aserkoff, Daniel"]
[Result "0-1"]
[WhiteElo "1427"]
[BlackElo "1562"]
[PlyCount "104"]
[EventDate "2020.05.07"]
[WhiteTeam "St Albans Early Knights 1"]
[BlackTeam "Hammersmith 1"]

1. e4 e5 2. Nf3 Nc6 3. Nc3 Bc5 4. Nxe5 Nxe5 5. d4 Bxd4 6. Qxd4 d6 7. Bf4 Nc6 8.
Qd3 Be6 9. O-O-O Nb4 10. Qe3 Nxa2+ 11. Nxa2 Bxa2 12. e5 Qe7 13. Re1 dxe5 14.
Bd3 exf4 15. Qxe7+ Nxe7 16. b3 Kd7 17. Kb2 Bxb3 18. cxb3 Nc6 19. Rd1 Rad8 20.
Bf5+ Ke7 21. Rhe1+ Kf6 22. g4 Rxd1 23. Rxd1 Rd8 24. Rc1 Rd2+ 25. Kc3 Rxf2 26.
Bxh7 g6 27. Bg8 Kg7 28. Bxf7 Kxf7 29. Rd1 Rf3+ 30. Kc2 Ke6 31. Re1+ Re3 32.
Rxe3+ fxe3 33. Kd3 Ke5 34. Kxe3 Nd4 35. b4 Nc2+ 36. Kf3 Nxb4 37. Kg3 Nd5 38. g5
Kf5 39. h4 a5 40. Kf3 a4 41. h5 gxh5 42. Kg3 Kxg5 43. Kh3 a3 44. Kg3 a2 45. Kh3
a1=Q 46. Kg2 Qc3 47. Kf2 Kg4 48. Ke2 Qe3+ 49. Kd1 Qf2 50. Kc1 Kf4 51. Kb1 Nb4
52. Kc1 Qc2# 0-1

[Event "Junior Online 4NCL Division 2"]
[Site "online"]
[Date "2020.05.07"]
[Round "4.71"]
[White "Sturge, Sam"]
[Black "Balasundaram, Sivasatyan"]
[Result "1/2-1/2"]
[WhiteElo "1660"]
[BlackElo "1757"]
[PlyCount "101"]
[EventDate "2020.05.07"]
[WhiteTeam "Surbiton Juniors A"]
[BlackTeam "Harrow Juniors A"]

1. e4 c5 2. Nf3 Nc6 3. d4 cxd4 4. Nxd4 e6 5. Nc3 Nf6 6. Bg5 Be7 7. f4 h6 8.
Nxc6 dxc6 9. Bxf6 Bxf6 10. Qxd8+ Bxd8 11. O-O-O O-O 12. g4 e5 13. f5 Bg5+ 14.
Kb1 g6 15. Bc4 Kg7 16. Rd3 b5 17. Bb3 a5 18. a3 b4 19. axb4 axb4 20. Na2 c5 21.
Bd5 Ra7 22. b3 Bb7 23. Kb2 Ba6 24. Bc4 Bxc4 25. bxc4 Rfa8 26. Ra1 Bf4 27. h3
Ra3 28. Rxa3 bxa3+ 29. Kc3 Be3 30. Rb1 Bd4+ 31. Kd3 Bb2 32. Rd1 Rd8+ 33. Ke2
Rxd1 34. Kxd1 Kf6 35. h4 Ke7 36. Ke2 Kd6 37. Kd3 Kc6 38. Ke2 Kb6 39. Kd3 g5 40.
h5 f6 41. Ke2 Ka5 42. Kd3 Ka4 43. Ke2 Bd4 44. Kd3 Bf2 45. Ke2 Bg3 46. Kd3 Be1
47. Ke2 Bb4 48. Kd3 Be1 49. Ke2 Bg3 50. Kd3 Bf4 51. Ke2 1/2-1/2

[Event "Junior Online 4NCL Division 2"]
[Site "online"]
[Date "2020.05.07"]
[Round "4.72"]
[White "Truscott, Philip E"]
[Black "Morrison, Joseph"]
[Result "1-0"]
[WhiteElo "1660"]
[BlackElo "1465"]
[PlyCount "96"]
[EventDate "2020.05.07"]
[WhiteTeam "Harrow Juniors A"]
[BlackTeam "Surbiton Juniors A"]

1. e4 d5 2. d4 dxe4 3. Nc3 Nf6 4. f3 exf3 5. Qxf3 Qxd4 6. Be3 Qd8 7. Bd3 Bg4 8.
Qxb7 Nbd7 9. h3 Bh5 10. g4 Bg6 11. Bxg6 hxg6 12. O-O-O e6 13. Bxa7 Bd6 14. Be3
O-O 15. g5 Nh7 16. h4 Qb8 17. Qxb8 Rfxb8 18. h5 Nhf8 19. h6 gxh6 20. Rxh6 Bb4
21. Bd4 e5 22. Be3 Bxc3 23. bxc3 Rxa2 24. Nf3 Ra1+ 25. Kd2 Rxd1+ 26. Kxd1 Rd8
27. Ke2 Kg7 28. Kd3 Ne6 29. Ke4 f6 30. Rh1 Ndc5+ 31. Bxc5 Nxc5+ 32. Ke3 f5 33.
Nxe5 Re8 34. Kd4 Ne6+ 35. Kd5 Nxg5 36. Nd3 c6+ 37. Kd6 Ne4+ 38. Kd7 Nf6+ 39.
Kc7 g5 40. Ra1 g4 41. Ra8 Rxa8 42. Kxc6 g3 43. Nf4 Ra4 44. Ne6+ Kh6 45. Kc5 g2
46. c4 g1=Q+ 47. Kb5 Qa7 48. c5 Qa6# 1-0